000
00317nam a2200109Ia 4500
008
220214s9999 xx 000 0 und d
100
_a
Mehrothra MD
245
0
_a
Periconia leaf spotting and blight of Hevea brasiliensis: A new disease from India
260
_b
Indian Forester
_c
1988
300
_a
405-409
942
_c
RE
999
_c
46153
_d
46153